000 00373nam a2200133Ia 4500
005 20260328101520.0
008 260328s9999||||xx |||||||||||||| ||und||
100 _aMoré, Gustavo Luis
245 0 _aCaribbean Modernist Architecture /
_cGustavo Luis Moré
260 _bArchivos de Arquitectura Antillana
300 _a209 p.
650 _aARQUITECTURA REGIONAL
942 _cBK
999 _c9561
_d9561